000 00731cab a2200205 4500
001 ABS43756
008 090401t xxu||||| |||| 00| 0 eng d
035 _a(Sirsi) u43360
041 _aeng
100 _aKnowles, R.
245 _aFailure to certify?
350 _a0
490 _aChartered Quantity Surveyor
_v13(4), 15
520 _aDiscusses two dredging cases, one English and one Scottish, in which the respective judges differed in their interpretation of ICE conditions of contract clause 60(1) , (5th edition revised).
650 _aMORGAN GRENFELL LTD AND SUNDERLAND BC V SEVEN SEAS DREDGING LTD
650 _aNASH DREDGING LTD V KESTREL MARINE
690 _aBUILT ENVIRONMENT
942 _n0
948 _c04/03/1997
999 _c27694
_d27694